| 000 | 00469nam a2200133 a 4500 | ||
|---|---|---|---|
| 008 | 120416s2005 ||||||||||||||||| || u | ||
| 050 | _aIBRD(08) | ||
| 245 | 1 | 0 | _aWho bears the cost of Russia's military draft |
| 246 | _aMichael Lokshin | ||
| 260 |
_aWashington, DC _bWorld Bank _c2005 |
||
| 300 | _a32p. : ill. | ||
| 350 | _a0.00 | ||
| 995 |
_D0.00 _FCBU-MAIN LIBRARY (Kitwe) _H1 _I0.00 _UAVAILABLE _ZInternational Publications |
||
| 999 |
_c61715 _d61715 |
||